000 00792nam a22002177a 4500
999 _c19634
_d19634
003 AR-CdUCM
008 190518b ||||| |||| 00| 0 spa d
040 _aMUNICIPALIDAD PROVINCIAL DEL CUSCO
_cBIBLIOTECA MUNICIPAL DEL CUSCO
082 _a917.4 /
_bZ38
100 _aZarur Menez, Amin
_941082
245 _aSimposium :
_bLa geografía en el México actual /
260 _aMéxico :
_bMexicana,
_c1970.
300 _a156 páginas ;
_c23 cm.
440 _aMéxico en la mañana
_941083
505 _aContenido : Importancia de la geografía aplicada para el México actual -- Estudios de geografía -- Cartografía nacional...
650 _aCartografía
_93722
650 _aGeografía aplicada
_941084
650 _aCartografía nacional
_941085
942 _2ddc
_cLIBROS
945 _arcc